000 00718nam a2200241 i 4500
001 C2-0216542
003 PPAK
005 20241021172029.0
008 990525s1989 my |||| ||||| | may d
040 _aPPAK
_beng
_cPPAK
_erda
082 0 4 _a899.23
_2 23
090 0 0 _a899.23
_bANW
_dKSA
100 0 _aAnwar Ibrahim,
_eauthor
245 1 0 _aBahasa Melayu Baku:
_basas pembinaan tamadun /
_cAnwar Ibrahim.
264 1 _aKuala Lumpur :
_bPersatuan Linguistik Malaysia ,
_c1989
300 _a106 pages ;
_c22 cm
336 _atext
_2rdacontent
337 _aunmediated
_2rdamedia
338 _avolume
_2rdacarrier
650 1 0 _aMalay literature
700 0 _aAsraf,
_eeditor
942 _cB
_2ddc
999 _c160165
_d160165